| 000 | 00696nam a22001937a 4500 | ||
|---|---|---|---|
| 005 | 20170403131526.0 | ||
| 010 | _aENG-117689 | ||
| 020 |
_a9788184541564 _c995.00 |
||
| 035 | _aEN-101221 | ||
| 037 | _bDABD/PUB | ||
| 082 | _a333.30954 | ||
| 245 |
_aRama Janamabhoomi : _cedited by Amrita Grover [and] Anju Grover Chaudhary _bProfessor B.R. Grovers's analysis of revenue records and historical facts / |
||
| 260 |
_aDelhi _bOriginals _c2015 |
||
| 270 |
_aA-6 Nimri Commercial Center,Near Ashok Vihar Phase-IV _bDelhi _e110052 |
||
| 300 |
_axIii,332p. : _c23cm(Hb) _bill. |
||
| 700 | _a Grover,Amrita | ||
| 700 | _a Grover Chaudhary,Anju | ||
| 942 |
_2ddc _cEN _h333.30954 _mRAM |
||
| 999 |
_c138632 _d138632 |
||